000 01037nam a2200289 i 4500
001 000014904
003 DO-SdBNP
005 20250522135735.0
007 ta
008 100127s2005 dr 001 0 spa d
020 _a9945405268
040 _aDO-SdBNP
_bspa
_cBNPHU
_erda
041 _aspa
082 4 _aRD868.2
_bD542a
_222
100 1 _aDíaz Davis, Flor
_933749
_eautor
_4aut.
245 1 0 _aAnécdotas bancarias /
_cFlor Díaz Davis ; colaboración, Sergio Hernández Díaz, Marco Hernández Díaz.
264 4 _aSanto Domingo, República Dominicana :
_bEditora Manatí,
_c©2005.
300 _a144 páginas ;
_c21 cm.
336 _atexto
_btxt
_2rdacontent
337 _asin mediación
_bn
_2rdamedia
338 _avolumen
_bnc
_2rdacarrier
650 4 _aBancos
_zRepública Dominicana
_xAnécdotas, chistes sátiras, etc.
_933750
700 1 _aHernández Díaz, Sergio
_ecolaborador
_4col.
_933751
700 1 _aHernández Díaz, Marco
_ecolaborador
_4col.
_933752
910 _aValidado. Control de Calidad/MAA
942 _2ddc
_cLBS1
999 _c14484
_d14484